LEADER 01348nam a2200313 i 4500 001 000000151766 003 CaOOAMICUS 005 20060711000000.0 008 060711s1982 it u000 u ita u 013 $a129105 040 $aSeMil$bita 100 1 $aCukovskaja, Lidija.$0(OLS)http://semarc/name/57978 245 13$aIl processo :$bmemoria sul costume letterario /$cLidija Cukovskaja ; tradotto dal russo da Carla Degli Ippoliti. 260 $aFirenze :$bArte & Pensiero,$c1982. 260 $aMilano :$bJaca Book,$c1982. 300 $a219 p. ;$c21 cm. 490 0 $aSlavica ;$v2 500 $aFondo Ciprandi. 650 4$aLibertà di stampa - Unione Sovietica.$0(OLS)http://semarc/subject/29629 650 4$aPerseguitati politici - Unione Sovietica.$0(OLS)http://semarc/subject/29630 700 1 $aDegli Ippoliti, Carla.$0(OLS)http://semarc/name/59602 830 0$aSlavica ;$v2.$0(OLS)http://semarc/title/20625 850 $aSeMil 852 $aSeMil$W1$xVenegono$y1$m1V V 159$j103748$B103748$CSeMilBibl$Z2$F112813 $81 941 1 $a1 961 $aOmaggio: Ciprandi dott. Paolo 996 $6245$aIl processo :$bmemoria sul costume letterario$9(OLS)http://semarc/title/221797 996 $6260$aMilano :$bJaca Book$9(OLS)http://semarc/publisher/29781 996 $6260$aFirenze :$bArte & Pensiero$9(OLS)http://semarc/publisher/34250 LEADER 01354nam a2200301 i 4500 001 000000130716 003 CaOOAMICUS 005 20170201000000.0 008 170201s2002 it u000 u ita u 013 $a103553 020 $a88-350-8825-9 040 $aSeMil$bita 100 1 $aKant, Immanuel,$d<1724-1804>.$0(OLS)http://semarc/name/2543 240 10$aKritik der reinen Vernunft.$0(OLS)http://semarc/title/6761 245 10$aCritica della ragion pura :$b(Estratti) /$cImmanuel Kant ; traduzione, introduzione e note di Gustavo Bontadini. 260 $aBrescia :$bLa Scuola,$c2002. 300 $a117 p. ;$c21 cm. 490 0 $aIl pensiero filosofico 650 4$aEpistemologia filosofica.$0(OLS)http://semarc/subject/1833 650 4$aKant, Immanuel <1724-1804> . Kritik der reinen Vernunft.$0(OLS)http://semarc/subject/614 700 1 $aBontadini, Gustavo ,$d<1903-1990>.$0(OLS)http://semarc/name/817 830 3$aIl pensiero filosofico.$0(OLS)http://semarc/title/7220 850 $aSeMil 852 $aSeMil$W1$xVenegono$y1$m2P II 878$j84745$B84745$CSeMilBibl$Z2$F88373 $81 961 $aOmaggio: Altro 996 $6020$a88-350-8825-9$9(OLS)http://semarc/number/273675 996 $6245$aCritica della ragion pura :$b(Estratti)$9(OLS)http://semarc/title/408174 996 $6260$aBrescia :$bLa Scuola$9(OLS)http://semarc/publisher/29831